00559nam a2200145Ia 4500008004100000020001600041082001400057100006100071245003300132260008400165300001100249942004500260952009300305999001500398250525s9999 xx 000 0 und d a999151015-x a954.95DHI aDhivehi bahaai thaareekha hidhumaiykuraa qaumee marukazu 0a"Dhivehinge tharika 1,2,3,4" a"Male', Maldives"bDhivehi Bahaa thaareekha hidhumaiykura qaumee marukazuc1998 a100 p. h954.95iDHIcAD6954_950000000000000_DHI 93287aKFPLbKFPLcDHId2025-05-25l0o954.95DHIpKL-2024-000650r2025-05-25 13:42:47yAD c2879d2879